01171nam a22001937a 4500003000900000008004100009020003000050040001200080041001300092080001300105100002400118245006500142260004300207300001100250520061700261521003000878546001200908650005700920Uzh_bibl260525b |||||||| |||| 00| 0 ukr d a978-0-00-787474-3c100.00 bукр. 2engaeng a821(410) a Morpurgo, Michael  aThe Amazing Story of Adolphus TipshTextcil.Michael Foreman aLondonbHarperCollins Publishersc2005 a190 s. aA heartwarming tale of courage, set against the backdrop of the Second World War, about a deserted village, a lifelong friendship and one very adventurous cat! ‘A master storyteller at his best’ Sunday Times It’s 1943. Lily lives in a seaside village and her life is scarcely touched by the war. Until one day when the villagers are all told to move out of their homes. Soon, the whole area is out of bounds, as the allied forces prepare to invade France. But Tips, Lily’s cat, has other ideas – and returns to the forbidden area. Lily decides to enter the danger zone to look for Tips herself . .  aДля підлітків aукр. aЛітературно-художне видання